000 00582cam a2200217 4500
008 000000n2001 000 0 eng u
020 _a1860814646
035 _a(Sirsi) u112502
041 _aeng
050 _a696.9
100 _aLittlefair, P.J.
110 _aBuilding Research Establishment
245 _aSolar energy in urban areas.
260 _aLondon
_bCRC Ltd
_c2001
300 _a6p. : ill. ; 30cm.
490 _aBRE Information Paper
_v5/01
650 _aELECTRICITY
650 _aHEATING
690 _aENVIRONMENTAL AND LAND CONSULTANCY-ENERGY
942 _n0
999 _c101435
_d101435